Normal view MARC view
  • AGRICULTURE

Entry Topical Term

Number of records used in: 1

001 - CONTROL NUMBER

  • control field: 7868

003 - CONTROL NUMBER IDENTIFIER

  • control field: JRU

005 - DATE AND TIME OF LATEST TRANSACTION

  • control field: 20230725134033.0

008 - FIXED-LENGTH DATA ELEMENTS

  • fixed length control field: 230725|| aca||aabn | a|a d

040 ## - CATALOGING SOURCE

  • Original cataloging agency: JRU
  • Transcribing agency: JRU

150 ## - HEADING--TOPICAL TERM

  • Topical term or geographic name as entry element: AGRICULTURE

670 ## - SOURCE DATA FOUND

  • Source citation: Work cat.: (JRU)8331: RATHORE, SANJAY SINGH AND SHEKHAWAT, KAPILA 7867, CLIMATE SMART AGRONOMY